000 00784nam a2200205 a 4500
001 000042479
005 20201002040159.0
008 131204s1990 ag 000 0 spa d
020 _a9507420134
040 _aDO-SdBNP
_bspa
_cBNPHU
082 _axxxx
_bM828a
100 1 _aMorales Solá, Joaquín,
_d1949-
_969661
245 1 0 _aAsalto a la ilusión :
_bhistoria secreta del poder en la Argentina desde 1983 /
_cJoaquín Morales Solá.
260 _aBuenos Aires, Argentina :
_bPlaneta,
_c1990.
300 _a348 p. ;
_c23 cm.
490 1 _aEspejo de la Argentina
500 _aCubierta de subtítulos: Historia secreta del poder en la Argentina desde 1983.
500 _aIncluye referencias bibliográficas y notas al pie de las páginas.
830 0 _aEspejo de la Argentina
_969662
999 _c41968
_d41968